000 00226 a2200097 4500
001 38715
100 _aQudsi Abdul Qadoos
245 _aEk hay Mosam Pat jarh ka
260 _aIslamabad
_bLiyo Box
_c1996
090 _c24535
_d24535
942 _aNUST-CAE
_cM
_c16153
999 _c273788
_d273788